[Event "Iasi op"]
[Site "Iasi"]
[Date "2014.05.13"]
[Round "4"]
[White "Radu, Daniel"]
[Black "Sandu, Dinu"]
[Result "1/2-1/2"]
[WhiteElo "1575"]
[BlackElo "1866"]
[PlyCount "55"]
[EventDate "2014.05.10"]
[EventType "swiss"]
[EventRounds "9"]
[EventCountry "ROU"]
[SourceTitle "CBM 160 Extra"]
[Source "ChessBase"]
[SourceDate "2014.07.01"]
[SourceVersion "1"]
[SourceVersionDate "2014.07.01"]
[SourceQuality "1"]

1. d4 d5 2. c4 e6 3. Nc3 c6 4. Nf3 dxc4 5. a4 Bd7 6. Ne5 Nf6 7. e3 b5 8. axb5 cxb5 9. Qf3 Nc6 10. Nxc6 Qc7 11. Ne5 Rb8 12. Nxd7 Qxd7 13. Be2 Bd6 14. 0-0 0-0 15. e4 Bb4 16. e5 Nd5 17. Nxd5 exd5 18. Qg3 Kh8 19. Bf4 Rbe8 20. Bg4 Qe7 21. Bf5 a5 22. Qh3 g6 23. Bc2 Ra8 24. Qh6 Qe6 25. Qh4 Be7 26. Qg3 Rfc8 27. Bh6 b4 28. Bd1 1/2-1/2

[Event "Iasi op"]
[Site "Iasi"]
[Date "2014.05.12"]
[Round "3"]
[White "Sandu, Dinu"]
[Black "Postolache, Viorel"]
[Result "0-1"]
[WhiteElo "1866"]
[BlackElo "2156"]
[PlyCount "70"]
[EventDate "2014.05.10"]
[EventType "swiss"]
[EventRounds "9"]
[EventCountry "ROU"]
[SourceTitle "CBM 160 Extra"]
[Source "ChessBase"]
[SourceDate "2014.07.01"]
[SourceVersion "1"]
[SourceVersionDate "2014.07.01"]
[SourceQuality "1"]

1. d4 Nf6 2. c4 e6 3. a3 d5 4. e3 b6 5. Nc3 Bd6 6. Nf3 0-0 7. Bd3 Bb7 8. cxd5 exd5 9. 0-0 c5 10. dxc5 bxc5 11. Nb5 Be7 12. b3 a6 13. Nc3 Bd6 14. Bb2 Nbd7 15. h3 Re8 16. Re1 Rc8 17. Be2 h6 18. Rc1 Qe7 19. Qd2 Bb8 20. g3 Qd6 21. Kh2 Rcd8 22. Red1 Re6 23. Nh4 Rde8 24. Ng2 g5 25. a4 Qb6 26. Qc2 d4 27. a5 Qc6 28. Rg1 dxc3 29. Bxc3 Be5 30. Bc4 Rd6 31. Qg6+ Kh8 32. Qxh6+ Nh7 33. Bxe5+ Nxe5 34. Qh5 Rh6 35. Qe2 Nf3+ 0-1

[Event "Iasi op"]
[Site "Iasi"]
[Date "2014.05.10"]
[Round "1"]
[White "Sandu, Dinu"]
[Black "Peptan, Corina Isabela"]
[Result "0-1"]
[WhiteElo "1866"]
[BlackElo "2438"]
[PlyCount "70"]
[EventDate "2014.05.10"]
[EventType "swiss"]
[EventRounds "9"]
[EventCountry "ROU"]
[SourceTitle "CBM 160 Extra"]
[Source "ChessBase"]
[SourceDate "2014.07.01"]
[SourceVersion "1"]
[SourceVersionDate "2014.07.01"]
[SourceQuality "1"]

1. d4 d5 2. e3 Nf6 3. c4 dxc4 4. Bxc4 e6 5. a3 c5 6. Nf3 a6 7. 0-0 b5 8. Ba2 Bb7 9. dxc5 Qxd1 10. Rxd1 Bxf3 11. gxf3 Bxc5 12. b4 Be7 13. Bb2 Nbd7 14. Nd2 0-0 15. Rac1 a5 16. bxa5 Rxa5 17. Rc7 Bxa3 18. Bxa3 Rxa3 19. Bb1 Rb8 20. Ne4 Nf8 21. Ng5 h6 22. Ne4 Nd5 23. Rcc1 b4 24. Bd3 Nd7 25. Bc4 N7b6 26. Bxd5 Nxd5 27. Rd2 f5 28. Nc5 Rc8 29. Rd4 Nc3 30. Rc4 Ne2+ 31. Kg2 Nxc1 32. Rxc1 Rc3 33. Rxc3 bxc3 34. Nd3 c2 35. Nc1 Rd8 0-1